El proceso educativo segun paulo freire y enrique pichon riviere /

Guardado en:
Formato: Libro
Publicado: Buenos Aires : Ediciones Cinco, 1989
Materias:
Etiquetas: Agregar Etiqueta
Sin Etiquetas, Sea el primero en etiquetar este registro!
LEADER 00521nam a22001815a 4500
001 CEM.cems008600
005 20060214000000.0
008 130507s1989##################000#0#####d
003 CEMS
082 0 4 |a 370 
245 0 0 |a El proceso educativo segun paulo freire y enrique pichon riviere / 
260 |a Buenos Aires :  |b Ediciones Cinco,  |c 1989 
300 |a 120 p. 
653 |a Educacion 
653 |a Pedagogia 
653 |a Proceso educativo 
653 |a Psicologia social 
859 |a CEMS  |b BIB. CEMS - 11 de abril  |h 370  |i In7  |p 1.99  |t Ej.1